000 00294nam a2200121Ia 4500
005 20251222153618.0
008 251222s9999||||xx |||||||||||||| ||spa||
082 _a174.957.098/P27
245 0 _aLa Vida Vale
250 _a1ra. ed.
264 _bCentro de Estudios y Publicaciones
942 _cLIB
999 _c31872
_d31872